[Event "Nova Gorica op 28th"]
[Site "Nova Gorica"]
[Date "2024.02.02"]
[Round "9"]
[White "Pagnutti, Lorenzo"]
[Black "Vodnik, Val"]
[Result "1-0"]
[WhiteElo "1859"]
[BlackElo "1661"]
[PlyCount "79"]
[EventDate "2024.01.26"]
[EventType "swiss"]
[EventRounds "9"]
[EventCountry "SLO"]
[SourceTitle "CB06_2024"]
[SourceDate "2024.02.07"]
[SourceVersion "1"]
[SourceVersionDate "2024.02.07"]
[SourceQuality "1"]

1. e4 e5 2. Nf3 Nc6 3. Bc4 Bc5 4. c3 Nf6 5. d3 d6 6. 0-0 a6 7. Bb3 Ba7 8. h3 h6 9. Re1 g5 10. Nh2 Rg8 11. Be3 g4 12. hxg4 Nxg4 13. Bxa7 Nxh2 14. Qh5 Qf6 15. Qxh2 Nxa7 16. Nd2 Bd7 17. Re3 0-0-0 18. Rf3 Qg5 19. Nf1 Be6 20. Bxe6+ fxe6 21. Re1 Nc6 22. Ree3 Rdf8 23. Rxf8+ Rxf8 24. Qh3 Kd7 25. Rg3 Qf6 26. Rf3 Qg7 27. Ne3 Ne7 28. Rxf8 Qxf8 29. Qh5 Ng8 30. g3 Qg7 31. Kg2 Nf6 32. Qd1 Qg8 33. c4 c6 34. Qh1 h5 35. Qh4 Qg6 36. f3 d5 37. b3 Kd6 38. Kf2 Qh6 39. cxd5 exd5 40. Nf5+ 1-0

[Event "Nova Gorica op 28th"]
[Site "Nova Gorica"]
[Date "2024.02.01"]
[Round "8"]
[White "Vodnik, Val"]
[Black "Garsky, Vladyslav"]
[Result "1/2-1/2"]
[WhiteElo "1661"]
[BlackElo "2186"]
[PlyCount "73"]
[EventDate "2024.01.26"]
[EventType "swiss"]
[EventRounds "9"]
[EventCountry "SLO"]
[SourceTitle "CB06_2024"]
[SourceDate "2024.02.07"]
[SourceVersion "1"]
[SourceVersionDate "2024.02.07"]
[SourceQuality "1"]

1. d4 Nf6 2. c4 g6 3. Nc3 Bg7 4. e4 d6 5. Nf3 0-0 6. g3 Nbd7 7. Bg2 e5 8. 0-0 a5 9. h3 Re8 10. Be3 exd4 11. Nxd4 Nc5 12. Qc2 Qe7 13. Bg5 c6 14. Rfe1 Qc7 15. Rad1 Ne6 16. Be3 Bd7 17. Qd2 Rad8 18. b3 Nc5 19. Bf4 Nh5 20. Be3 Ne6 21. Nxe6 Rxe6 22. Na4 c5 23. Nc3 Bc6 24. Nd5 Bxd5 25. Qxd5 Nf6 26. Qd3 Nd7 27. f4 Nb8 28. e5 Nc6 29. Bxc6 Qxc6 30. Kf2 Bf8 31. Qd5 Qxd5 32. Rxd5 Rde8 33. exd6 Bxd6 34. Bd2 Rxe1 35. Bxe1 Be7 36. Bc3 Rd8 37. Rxd8+ 1/2-1/2

[Event "Portoroz op 14th"]
[Site "Portoroz"]
[Date "2023.07.21"]
[Round "8"]
[White "Vodnik, Val"]
[Black "Praznik, Anton"]
[Result "1/2-1/2"]
[WhiteElo "1416"]
[BlackElo "2072"]
[PlyCount "174"]
[EventDate "2023.07.15"]
[EventType "swiss"]
[EventRounds "9"]
[EventCountry "SLO"]
[SourceTitle "CBM 215 Extra"]
[Source "ChessBase"]
[SourceDate "2023.09.30"]
[SourceVersion "1"]
[SourceVersionDate "2023.09.30"]
[SourceQuality "1"]

1. d4 d6 2. c4 Nf6 3. Nc3 g6 4. e4 Bg7 5. Be2 0-0 6. Be3 Nc6 7. g4 e5 8. d5 Nd4 9. f3 c5 10. h4 Qb6 11. Qd2 h5 12. g5 Nh7 13. Nh3 Re8 14. Nf2 Bd7 15. Nd3 a6 16. 0-0 Qd8 17. b3 b5 18. Rac1 b4 19. Nb1 f5 20. Rf2 a5 21. Qb2 Qc8 22. Nd2 Qc7 23. Kg2 a4 24. Bxd4 exd4 25. Ra1 Qa7 26. Rff1 axb3 27. axb3 Qb7 28. Kg3 Nf8 29. Kg2 Reb8 30. Rxa8 Rxa8 31. Ra1 Ra7 32. Rxa7 Qxa7 33. Qb1 Bc8 34. Nf4 Kf7 35. Bd3 Be5 36. Ne2 f4 37. Ng1 Qa3 38. Ne2 Nh7 39. Ng1 Qa7 40. Nh3 Ke8 41. Kh2 Qa3 42. Kg2 Qa7 43. Kh2 Qd7 44. Nf2 Qa7 45. Nh3 Nf8 46. Nf2 Qa3 47. Kg2 Kd8 48. Kh2 Ke7 49. Kg2 Kf7 50. Kh2 Kg7 51. Kg2 Qa7 52. Kh2 Kg8 53. Kg2 Kh8 54. Kh2 Kh7 55. Kg2 Kg8 56. Kh2 Nh7 57. Kh1 Nf8 58. Kh2 Nd7 59. Kg2 Nb6 60. Kh2 Nd7 61. Kg2 Kh7 62. Kh2 Bg7 63. Nh3 Be5 64. Nf2 Nf8 65. Kg2 Kg7 66. Kh2 Nh7 67. Kh1 Kf7 68. Kh2 Ke8 69. Kh1 Bd7 70. Kh2 Bc8 71. Kh1 Nf8 72. Kg2 Kf7 73. Kh2 Nh7 74. Kh1 Kg7 75. Kh2 Bd7 76. Kh1 Qa8 77. Kh2 Kf7 78. Kh1 Qa3 79. Kh2 Qa8 80. Kh1 Be8 81. Kh2 Nf8 82. Kg2 Bd7 83. Kh2 Bc8 84. Kg2 Qa7 85. Kh2 Kg8 86. Kg2 Nd7 87. Kh2 Kh7 1/2-1/2

[Event "Portoroz op 14th"]
[Site "Portoroz"]
[Date "2023.07.16"]
[Round "3"]
[White "Cichon, Michal1111"]
[Black "Vodnik, Val"]
[Result "0-1"]
[WhiteElo "1181"]
[BlackElo "1416"]
[PlyCount "64"]
[EventDate "2023.07.15"]
[EventType "swiss"]
[EventRounds "9"]
[EventCountry "SLO"]
[SourceTitle "CBM 215 Extra"]
[Source "ChessBase"]
[SourceDate "2023.09.30"]
[SourceVersion "1"]
[SourceVersionDate "2023.09.30"]
[SourceQuality "1"]

1. e4 e5 2. Nf3 Nc6 3. Bc4 Bc5 4. c3 Nf6 5. d3 d6 6. Bb3 a6 7. Nbd2 Ba7 8. 0-0 0-0 9. Re1 Ne7 10. Nf1 Nd7 11. Ng3 Nc5 12. Bc2 Ne6 13. h3 c5 14. Bb3 Kh8 15. Ng5 Nxg5 16. Bxg5 f6 17. Bd2 f5 18. exf5 Nxf5 19. Nxf5 Bxf5 20. Be3 Qf6 21. Bd5 Qg6 22. Bxb7 Rab8 23. Be4 Rxb2 24. Qa4 d5 25. Bxd5 Bxd3 26. Qa3 Rbb8 27. Bxc5 Bxc5 28. Qxc5 Rbc8 29. Qe3 Rxc3 30. Qxe5 Rc2 31. Re3 Rcxf2 32. Rf3 Qxg2# 0-1

[Event "Portoroz op 14th"]
[Site "Portoroz"]
[Date "2023.07.16"]
[Round "2"]
[White "Vodnik, Val"]
[Black "Grabinsky, Vladimir"]
[Result "0-1"]
[WhiteElo "1416"]
[BlackElo "2219"]
[PlyCount "30"]
[EventDate "2023.07.15"]
[EventType "swiss"]
[EventRounds "9"]
[EventCountry "SLO"]
[SourceTitle "CBM 215 Extra"]
[Source "ChessBase"]
[SourceDate "2023.09.30"]
[SourceVersion "1"]
[SourceVersionDate "2023.09.30"]
[SourceQuality "1"]

1. d4 d5 2. c4 e6 3. Nf3 Nf6 4. g3 dxc4 5. Bg2 Nc6 6. 0-0 Rb8 7. e3 b5 8. Nfd2 Bb7 9. a4 a6 10. axb5 axb5 11. Nc3 Nb4 12. b3 Bxg2 13. Kxg2 Nfd5 14. Bb2 Nd3 15. Rb1 Nxb2 0-1

[Event "SLO-chT2 West"]
[Site "Komenda"]
[Date "2022.11.26"]
[Round "5.5"]
[White "Vodnik, Val"]
[Black "Ojstersek, Peter"]
[Result "1-0"]
[WhiteElo "1341"]
[BlackElo "1605"]
[PlyCount "69"]
[EventDate "2022.11.19"]
[EventType "team-tourn"]
[EventRounds "7"]
[EventCountry "SLO"]
[SourceTitle "EXT 2024"]
[Source "ChessBase"]
[SourceDate "2023.10.10"]
[SourceVersion "1"]
[SourceVersionDate "2023.10.10"]
[SourceQuality "1"]
[WhiteTeam "Vrhnika II"]
[BlackTeam "Komenda SK II"]
[WhiteTeamCountry "SLO"]
[BlackTeamCountry "SLO"]

1. d4 d5 2. c4 c6 3. Nf3 Bf5 4. Nc3 e6 5. Bf4 h6 6. e3 Nf6 7. Qb3 Qc8 8. h3 Be7 9. Be2 0-0 10. 0-0 Nbd7 11. Qd1 Nb6 12. c5 Nbd7 13. b4 Ne4 14. Nxe4 Bxe4 15. Nd2 Bh7 16. f3 a6 17. e4 dxe4 18. fxe4 Nf6 19. Bf3 Rd8 20. Nc4 Nd7 21. Nd6 Bxd6 22. Bxd6 Nf6 23. Re1 Ne8 24. e5 Nxd6 25. exd6 Qd7 26. a4 b6 27. b5 axb5 28. axb5 Rxa1 29. Qxa1 cxb5 30. Qa6 bxc5 31. dxc5 Rb8 32. Bc6 Qc8 33. Qxc8+ Rxc8 34. d7 Rd8 35. Bxb5 1-0

[Event "EU-ch Schools U13"]
[Site "Tornelo INT"]
[Date "2021.12.03"]
[Round "1"]
[White "Vodnik, Val"]
[Black "Giorgadze, Giorgi2222"]
[Result "0-1"]
[WhiteElo "1316"]
[BlackElo "1703"]
[PlyCount "90"]
[EventDate "2021.12.03"]
[EventType "swiss (rapid)"]
[EventRounds "7"]
[EventCountry "NET"]
[SourceTitle "EXT 2023"]
[Source "ChessBase"]
[SourceDate "2022.10.05"]
[SourceVersion "1"]
[SourceVersionDate "2022.10.05"]
[SourceQuality "1"]

1. d4 d5 2. c4 e6 3. Nc3 Nf6 4. cxd5 exd5 5. Bg5 Be7 6. e3 Nbd7 7. Bd3 c6 8. Nge2 0-0 9. Qc2 Re8 10. 0-0 Ne4 11. Bxe7 Qxe7 12. Ng3 Ndf6 13. Ngxe4 Nxe4 14. Nxe4 dxe4 15. Bc4 Qg5 16. Qb3 Qg6 17. Kh1 b5 18. Be2 Be6 19. Qc2 Bd5 20. Rac1 Qd6 21. a3 Rac8 22. Qc5 Qd7 23. Rc3 f5 24. Rfc1 Rb8 25. g3 Qf7 26. Qd6 g5 27. Rg1 Rbd8 28. Qh6 Qg6 29. Qxg6+ hxg6 30. Rc5 Kg7 31. a4 a6 32. a5 Rh8 33. Rg2 Rdf8 34. Kg1 f4 35. gxf4 gxf4 36. exf4 Rxf4 37. Rc3 Rfh4 38. Rcg3 R8h6 39. Rg4 Rxg4 40. Rxg4 Rh8 41. b4 Rd8 42. Bd1 Re8 43. Bc2 Kf6 44. h3 g5 45. Kf1 e3 0-1

[Event "Wch-ch U10 rapid"]
[Site "Minsk"]
[Date "2019.08.16"]
[Round "1"]
[White "Vodnik, Val"]
[Black "Zimin, Artur"]
[Result "0-1"]
[WhiteElo "1217"]
[BlackElo "1849"]
[PlyCount "54"]
[EventDate "2019.08.16"]
[EventType "swiss (rapid)"]
[EventRounds "9"]
[EventCountry "BLR"]
[SourceTitle "EXT 2020"]
[Source "ChessBase"]
[SourceDate "2019.10.17"]
[SourceVersion "1"]
[SourceVersionDate "2019.10.17"]
[SourceQuality "1"]

1. d4 Nf6 2. c4 d6 3. Nc3 g6 4. e4 Bg7 5. Be2 0-0 6. Be3 Nfd7 7. g4 Nc6 8. f3 e5 9. d5 Ne7 10. Nh3 f5 11. Qd2 Nf6 12. gxf5 gxf5 13. Bh6 f4 14. Bxg7 Kxg7 15. Rg1+ Kh8 16. Nf2 Bd7 17. 0-0-0 Qe8 18. Bd3 Qh5 19. Be2 Rg8 20. Rh1 Rg2 21. Nd3 b6 22. h4 Rag8 23. Qe1 Ng6 24. Bf1 Rg3 25. Ne2 Rxf3 26. Bg2 Re3 27. Qf1 Qxe2 0-1